Statistics for iCarly Franchise

Click here to take the quiz!

General Stats

  • This quiz has been taken 54 times
  • The average score is 3 of 6

Answer Stats

TypeYearNameInfo% Correct
TV Show2007-2012iCarlyNickelodeon
100%
Video Game2009iCarlyActivision
100%
TV Show2013-2014Sam & CatNickelodeon
68%
TV Special2011iParty with VictoriousNickelodeon
33%
TV Film2008iGo to JapanNickelodeon
28%
Video Game2010iCarly 2: iJoin the Click!Activision
20%

Score Distribution

Percentile by Number Answered

Percent of People with Each Score

Your Score History

You have not taken this quiz